| 000 | 00629nam a2200205Ia 4500 | ||
|---|---|---|---|
| 008 | 191130s2006##################000#0#eng## | ||
| 020 | _a9781591023401 | ||
| 022 | _a2005027866 | ||
| 040 |
_aACL _cACL |
||
| 082 | _a813.54 ZEB | ||
| 100 | _aZebrowski, George | ||
| 245 |
_aMacrolife : a mobile utopia _cGeorge Zebrowski |
||
| 260 |
_aAmherst, NY _bPyr _c2006 |
||
| 300 | _a385 p. : ill. ; 24 cm | ||
| 500 | _aOriginally published: New York : Harper & Row, 1979. 385 p. : ill. ; 24 cm. ; pbk. 9781591023418 | ||
| 650 | _aStory | ||
| 990 | _a0c19fe68ac10000c327bb0155d7d37e2 | ||
| 991 | _a267928 | ||
| 999 |
_c296 _d296 |
||